000
00227nam a22000857a 4500
008
161024b xxu||||| |||| 00| 0 eng d
100
_9
952
_a
BalaSubramanian
245
_a
Primary Science
260
_a
New Delhi
_b
Frank Publications
_c
2012
999
_c
3608
_d
3608